Elaboración del concreto y sus aplicaciones
Kaydedildi:
| Yazar: | |
|---|---|
| Materyal Türü: | Kitap |
| Dil: | İspanyolca |
| Baskı/Yayın Bilgisi: |
Ciudad de México
Continental
1964
|
| Konular: | |
| Etiketler: |
Etiketle
Etiket eklenmemiş, İlk siz ekleyin!
|
MARC
| LEADER | 00000nam a2200000 a 4500 | ||
|---|---|---|---|
| 001 | UCU7073 | ||
| 003 | CL-VaPUC | ||
| 008 | 960628e19640300MX |||||||||||||||||spa|d | ||
| 082 | 0 | 4 | |a 691.3 |b MUR |2 21 |
| 100 | |a Murdock, Leonard John |e autor |9 365587 | ||
| 245 | 1 | 0 | |a Elaboración del concreto y sus aplicaciones |
| 300 | |a 500 p | ||
| 942 | |c BK | ||
| 945 | |d 19960628 00:00:00 |a cmena | ||
| 260 | |a Ciudad de México |b Continental |c 1964 | ||
| 650 | 0 | |a Construcción |9 260195 | |
| 650 | 0 | |a Materiales de construcción |9 260197 | |
| 650 | 7 | |a CEMENTOS |2 CL-VaPUC |9 262741 | |
| 650 | 0 | |a Hormigones |9 262546 | |
| 650 | 7 | |a HORMIGON ARMADO |2 CL-VaPUC |9 365588 | |
| 650 | 0 | |a Pavimentos |9 258061 | |
| 650 | 7 | |a PILOTES |2 CL-VaPUC |9 363915 | |
| 650 | 0 | |a Control de calidad |9 259714 | |
| 583 | |a last modification |c 19960628 00:00:00 |k Rodrigo Vera | ||
| 999 | |c 249779 |d 249777 | ||
| 952 | |0 0 |1 0 |4 0 |6 691_300000000000000_MUR_1964 |7 0 |8 A |9 267285 |a BIBING |b BIBING |d 2019-11-19 |i 1697498 |o 691.3 MUR 1964 |p 1697498 |r 2025-01-20 |w 2019-11-19 |y BK |k ING | ||